| 000 | 00558cam a2200217 4500 | ||
|---|---|---|---|
| 001 | ABS61089 | ||
| 008 | 000000n1999 000 0 eng u | ||
| 035 | _a(Sirsi) u101638 | ||
| 245 | _aRegional survey: London Boroughs North. | ||
| 260 | _c1999 | ||
| 490 |
_aProperty Week _v64(33) 27 August 1999, 37-48(7) |
||
| 650 | _aLONDON | ||
| 650 | _aPARK ROYAL | ||
| 650 | _aBARNET | ||
| 650 | _aBRENT | ||
| 650 | _aENFIELD | ||
| 650 | _aHARINGEY | ||
| 650 | _aHARROW | ||
| 690 | _aPROPERTY-COMMERCIAL PROPERTY-COMMERCIAL PROPERTY MARKET | ||
| 942 | _n0 | ||
| 999 |
_c60766 _d60766 |
||